|
|
|
|
| LEADER |
00000nab a2200000 a 4500 |
| 001 |
vtls000143541 |
| 003 |
SK-MaSNL |
| 005 |
20260305035511.0 |
| 008 |
111031c1982 xo 0 slo |
| 015 |
|
|
|a SNBRA19rr/mm-uuuuu
|
| 035 |
|
|
|a CL0153648
|
| 040 |
|
|
|a SNKBUCL
|b slo
|c SNKBUCL
|e AACR2
|
| 041 |
0 |
|
|a slo
|
| 044 |
|
|
|a xo
|c SK
|
| 080 |
|
|
|a 631.35
|2 1981
|
| 080 |
|
|
|a 633.2/.3
|2 1981
|
| 100 |
1 |
|
|a Šesták, Jozef
|4 aut
|9 366233
|
| 245 |
1 |
0 |
|a Technické a technologické parametre samohybných strojov pre zber krmovín na svahoch
|c Jozef Šesták, Peter Sklenka, Ladislav Škulavík
|
| 300 |
|
|
|b Obr. 2. Tb. 1. Grafy 3., lit. 4 zázn.
|
| 650 |
0 |
7 |
|a mechanizácia zberu krmovín
|2 snkbucl
|9 923844
|
| 650 |
0 |
7 |
|a krmoviny
|2 snkbucl
|9 14432
|
| 650 |
0 |
7 |
|a stroje samohybné
|2 snkbucl
|9 1351292
|
| 655 |
|
7 |
|a články zo zborníkov
|2 snkbucl
|9 166140
|
| 700 |
1 |
|
|a Sklenka, Peter,
|d 1943-
|4 aut
|9 39048
|
| 700 |
1 |
|
|a Škulavík, Ladislav,
|d 1932-
|4 aut
|9 247668
|
| 773 |
0 |
|
|t Mechanizácia zberu krmovín
|d Banská Bystrica : Dom techniky ČSVTS, 1982
|g S. 17-30
|
| 850 |
|
|
|a Slovenská národná knižnica v Martine
|a MTA001
|
| 852 |
|
|
|a SNK
|b KIS3GCP
|
| 958 |
|
|
|a RK
|
| 992 |
|
|
|a RZB
|
| 999 |
|
|
|c 3334173
|d 3336103
|